Writing academic English / (Record no. 273)
[ view plain ]
| 000 -LEADER | |
|---|---|
| fixed length control field | 01150cac a22003491a 4500 |
| 003 - CONTROL NUMBER IDENTIFIER | |
| control field | EG-ScBUE |
| 005 - DATE AND TIME OF LATEST TRANSACTION | |
| control field | 20200111131422.0 |
| 008 - FIXED-LENGTH DATA ELEMENTS--GENERAL INFORMATION | |
| fixed length control field | 190724t1999 nyua f 001 0 eng d |
| 020 ## - INTERNATIONAL STANDARD BOOK NUMBER | |
| International Standard Book Number | 0201340542 (pbk. : alk. paper) |
| 040 ## - CATALOGING SOURCE | |
| Original cataloging agency | EG-ScBUE |
| Language of cataloging | eng |
| Description conventions | rda |
| Transcribing agency | EG-ScBUE |
| Modifying agency | EG-ScBUE |
| 082 04 - DEWEY DECIMAL CLASSIFICATION NUMBER | |
| Classification number | 808.042 |
| Item number | OSH |
| Edition number | 22 |
| 100 1# - MAIN ENTRY--PERSONAL NAME | |
| Personal name | Oshima, Alice, |
| Relator term | author. |
| 245 10 - TITLE STATEMENT | |
| Title | Writing academic English / |
| Statement of responsibility, etc | Alice Oshima, Ann Hogue. |
| 250 ## - EDITION STATEMENT | |
| Edition statement | Third edition. |
| 264 #1 - PUBLICATION, DISTRIBUTION, ETC. (IMPRINT) | |
| Place of publication, distribution, etc | White Plains, NY : |
| Name of publisher, distributor, etc | Longman, |
| Date of publication, distribution, etc | [1999] |
| 264 #4 - PUBLICATION, DISTRIBUTION, ETC. (IMPRINT) | |
| Date of publication, distribution, etc | c 1999 |
| 300 ## - PHYSICAL DESCRIPTION | |
| Extent | xii, 269 pages : |
| Other physical details | illustrations ; |
| Dimensions | 28 cm. |
| 336 ## - CONTENT TYPE | |
| Source | rdacontent |
| Content type term | text |
| Content type code | txt |
| 337 ## - MEDIA TYPE | |
| Source | rdamedia |
| Media type term | unmediated |
| Media type code | n |
| 338 ## - CARRIER TYPE | |
| Source | rdacarrier |
| Carrier type term | volume |
| Carrier type code | nc |
| 490 0# - SERIES STATEMENT | |
| Series statement | Longman academic writing series |
| 500 ## - GENERAL NOTE | |
| General note | Includes index. |
| 500 ## - GENERAL NOTE | |
| General note | Includes appendix. |
| 590 ## - LOCAL NOTE (RLIN) | |
| Local note | Bilal Ahmed |
| 650 #7 - SUBJECT ADDED ENTRY--TOPICAL TERM | |
| Topical term or geographic name as entry element | English language |
| General subdivision | Rhetoric. |
| Source of heading or term | BUEsh |
| 650 #7 - SUBJECT ADDED ENTRY--TOPICAL TERM | |
| Topical term or geographic name as entry element | English language |
| General subdivision | Grammar. |
| Source of heading or term | BUEsh |
| 650 #7 - SUBJECT ADDED ENTRY--TOPICAL TERM | |
| Topical term or geographic name as entry element | English language |
| Form subdivision | Textbooks for foreign speakers. |
| Source of heading or term | BUEsh |
| 653 ## - INDEX TERM--UNCONTROLLED | |
| Resource For college | Humanities: English |
| Arrived date list | June2019 |
| 655 ## - INDEX TERM--GENRE/FORM | |
| Form subdivision | Reading book |
| 700 1# - ADDED ENTRY--PERSONAL NAME | |
| Personal name | Hogue, Ann, |
| Relator term | author. |
| 942 ## - ADDED ENTRY ELEMENTS (KOHA) | |
| Koha item type | Book - Borrowing |
| Call number prefix | 808.042 OSH |
| Source of classification or shelving scheme | Dewey Decimal Classification |
| Withdrawn status | Lost status | Damaged status | Not for loan | Home library | Current library | Shelving location | Date acquired | Source of acquisition | Total Checkouts | Total Renewals | Full call number | Barcode | Date last seen | Date checked out | Cost, replacement price | Price effective from | Koha item type | Materials specified (bound volume or other part) | Checked out |
|---|---|---|---|---|---|---|---|---|---|---|---|---|---|---|---|---|---|---|---|
| Central Library | Central Library | Second Floor | 20/02/2006 | Purchase | 12 | 35 | 808.042 OSH | 000004403 | 15/07/2025 | 09/11/2016 | 170.00 | 20/02/2006 | Book - Borrowing | ||||||
| Lost | Central Library | Central Library | Second Floor | 20/02/2006 | Purchase | 7 | 4 | 808.042 OSH | 000004402 | 20/02/2018 | 04/10/2012 | 170.00 | 20/02/2006 | Book - Borrowing | Lost In Inventory_2018-08-12 | ||||
| Central Library | Central Library | Second Floor | 20/02/2006 | Purchase | 1 | 4 | 808.042 OSH | 000004401 | 22/05/2006 | 170.00 | 20/02/2006 | Book - Borrowing | 11/06/2018 | ||||||
| Central Library | Central Library | Second Floor | 20/02/2006 | Purchase | 8 | 13 | 808.042 OSH | 000004400 | 15/07/2025 | 23/10/2018 | 170.00 | 20/02/2006 | Book - Borrowing | ||||||
| Central Library | Central Library | Second Floor | 20/02/2006 | Purchase | 6 | 808.042 OSH | 000004399 | 15/07/2025 | 20/11/2013 | 170.00 | 20/02/2006 | NB - Book (Non borrowing) |